[Event "Men's Championship of Saratov region 2013"]
[Site "Saratov"]
[Date "2013.06.01"]
[Round "1.1"]
[White "Biryukov, Dmitriy"]
[Black "Upolovnev, Vladimir"]
[Result "1-0"]
[WhiteElo "2272"]
[BlackElo "1893"]
[PlyCount "73"]
[EventDate "2013.06.01"]

1. e4 Nf6 2. e5 Nd5 3. d4 d6 4. Nf3 Bg4 5. Be2 e6 6. exd6 cxd6 7. c4 Nf6 8. Nc3
Be7 9. h3 Bh5 10. O-O O-O 11. Be3 Nc6 12. d5 exd5 13. Nxd5 Nxd5 14. Qxd5 Qa5
15. Qxa5 Nxa5 16. b3 Nc6 17. Rad1 Rad8 18. Rd5 Bg6 19. Rd2 b6 20. Rfd1 Rfe8 21.
Nd4 Nxd4 22. Rxd4 f5 23. Bf3 Bf7 24. Bc6 Rf8 25. Bf4 Bf6 26. Rxd6 Rxd6 27. Rxd6
Rd8 28. Kf1 Kf8 29. Ke2 Ke7 30. Rxd8 Kxd8 31. Bd6 Bd4 32. f4 a5 33. Be5 Bxe5
34. fxe5 g5 35. Ke3 Bg6 36. Kd4 f4 37. Be4 1-0

[Event "Men's Championship of Saratov region 2013"]
[Site "Saratov"]
[Date "2013.06.01"]
[Round "1.2"]
[White "Berezhnov, Dmitry"]
[Black "Kvitka, Roman"]
[Result "1/2-1/2"]
[WhiteElo "1938"]
[BlackElo "2164"]
[PlyCount "55"]
[EventDate "2013.06.01"]

1. d4 d5 2. c4 c6 3. Nf3 dxc4 4. e4 b5 5. a4 Nf6 6. axb5 cxb5 7. Nc3 e5 8. Nxb5
Bb4+ 9. Bd2 Bxd2+ 10. Qxd2 Nxe4 11. Qc2 Bb7 12. Qxc4 Na6 13. Nxe5 O-O 14. Be2
Rc8 15. Qb3 Qg5 16. Qe3 Qxg2 17. Bf3 Qh3 18. Qf4 f5 19. Nd6 Nxd6 20. Bxb7 Nxb7
21. Rxa6 Rc2 22. Rg1 Rxb2 23. Qc1 Qb3 24. Rxg7+ Kxg7 25. Qg5+ Kh8 26. Ng6+ Kg8
27. Ne5+ Kh8 28. Ng6+ 1/2-1/2

[Event "Men's Championship of Saratov region 2013"]
[Site "Saratov"]
[Date "2013.06.01"]
[Round "1.3"]
[White "Smirnov, Alexandr A"]
[Black "Fedukin, Alexandre"]
[Result "1-0"]
[WhiteElo "2155"]
[BlackElo "1862"]
[PlyCount "63"]
[EventDate "2013.06.01"]

1. e4 e6 2. d4 d5 3. Nc3 dxe4 4. Nxe4 Bd7 5. Nf3 Bc6 6. Bd3 Nf6 7. Ng3 Nbd7 8.
Qe2 Be7 9. Bd2 h5 10. h4 Ng4 11. O-O-O Ndf6 12. Rhe1 Bxf3 13. gxf3 Nh6 14. Kb1
Qxd4 15. Bxh6 O-O-O 16. Bxg7 Rhg8 17. Nf5 Qc5 18. Nxe7+ Qxe7 19. Bh6 Nd5 20.
Bg5 f6 21. Bd2 Rde8 22. Bc4 c6 23. Bxd5 cxd5 24. Bc3 Qd8 25. Qb5 Kb8 26. a3 a6
27. Qc5 Ka8 28. Bd4 Kb8 29. Qa7+ Kc8 30. Re3 Rg7 31. Qa8+ Kc7 32. Qxd8+ 1-0

[Event "Men's Championship of Saratov region 2013"]
[Site "Saratov"]
[Date "2013.06.01"]
[Round "1.4"]
[White "Velichko, Tatiana"]
[Black "Borisovsky, Viktor"]
[Result "0-1"]
[WhiteElo "1862"]
[BlackElo "2152"]
[PlyCount "78"]
[EventDate "2013.06.01"]

1. e4 c5 2. Nf3 d6 3. d4 cxd4 4. Nxd4 Nf6 5. Nc3 g6 6. Be3 Bg7 7. f3 O-O 8. Qd2
Nc6 9. Bc4 Nd7 10. O-O-O Nb6 11. Nxc6 bxc6 12. Bb3 a5 13. Na4 Nxa4 14. Bxa4 Rb8
15. c3 Be6 16. Bd4 Bxd4 17. Qxd4 c5 18. Qd3 Bxa2 19. h4 Qb6 20. Qc2 Bb3 21.
Bxb3 Qxb3 22. h5 a4 23. hxg6 fxg6 24. Rd5 a3 25. Qxb3 Rxb3 26. bxa3 Rxc3+ 27.
Kb2 Re3 28. Rhd1 Rb8+ 29. Ka2 Rbb3 30. e5 Rxa3+ 31. Kb2 Ra6 32. exd6 exd6 33.
R1d2 Kf7 34. Kb1 Ke6 35. Kb2 Rea3 36. f4 Ra2+ 37. Kb1 Rxd2 38. Rxd2 Ra4 39. g3
Ra3 0-1

[Event "Men's Championship of Saratov region 2013"]
[Site "Saratov"]
[Date "2013.06.01"]
[Round "1.5"]
[White "Palin, Denis"]
[Black "Bolychevsky, Alexander"]
[Result "1/2-1/2"]
[WhiteElo "2145"]
[BlackElo "1856"]
[PlyCount "46"]
[EventDate "2013.06.01"]

1. c4 c5 2. Nc3 Nc6 3. g3 g6 4. Bg2 Bg7 5. e3 Nf6 6. Nge2 O-O 7. O-O e6 8. d4
cxd4 9. exd4 d5 10. cxd5 Nxd5 11. Nxd5 exd5 12. Be3 Bg4 13. Re1 Re8 14. Qd2
Bxe2 15. Rxe2 Nxd4 16. Bxd4 Rxe2 17. Qxe2 Bxd4 18. Rd1 Qf6 19. Bxd5 Rd8 20. Bf3
b6 21. Kg2 Bc5 22. Rd2 Rxd2 23. Qxd2 Qd4 1/2-1/2

[Event "Men's Championship of Saratov region 2013"]
[Site "Saratov"]
[Date "2013.06.01"]
[Round "1.6"]
[White "Tatarinov, Andrey"]
[Black "Baitzurov, Denis"]
[Result "1/2-1/2"]
[WhiteElo "1743"]
[BlackElo "2093"]
[PlyCount "92"]
[EventDate "2013.06.01"]

1. d4 Nf6 2. f4 d5 3. Nf3 Bf5 4. e3 e6 5. Bd3 Bxd3 6. Qxd3 a6 7. Nbd2 c5 8. c3
Nc6 9. O-O Bd6 10. Ne5 O-O 11. b3 Qb6 12. Kh1 Rac8 13. Bb2 cxd4 14. exd4 Rfd8
15. Rf3 Qc7 16. Rg1 b5 17. Rh3 b4 18. g4 bxc3 19. Bxc3 Bb4 20. Nxc6 Bxc3 21.
Nxd8 Bxd2 22. Nxe6 fxe6 23. Qxd2 Ne4 24. Qe2 a5 25. Rf3 Qb6 26. Rd1 Rc3 27. f5
h6 28. fxe6 Qxe6 29. Re1 Rc1 30. Re3 Rxe1+ 31. Qxe1 Qxg4 32. Qe2 Qg5 33. Rf3
Qe7 34. Qb5 Qg5 35. Qb8+ Kh7 36. Qf4 Qd8 37. Qf5+ Kg8 38. Qf7+ Kh7 39. Qf8 Qh4
40. Qf5+ Kh8 41. Kg2 Qe1 42. Qc8+ Kh7 43. Qc2 Qb4 44. Re3 Qxd4 45. Kf3 Qf6+ 46.
Ke2 Qg6 1/2-1/2

[Event "Men's Championship of Saratov region 2013"]
[Site "Saratov"]
[Date "2013.06.01"]
[Round "1.7"]
[White "Sudnik, Pavel"]
[Black "Kavyev, Emil"]
[Result "0-1"]
[WhiteElo "2055"]
[BlackElo "1691"]
[PlyCount "54"]
[EventDate "2013.06.01"]

1. e4 e5 2. Bc4 c6 3. d4 Nf6 4. dxe5 Qa5+ 5. Nc3 Nxe4 6. Bxf7+ Ke7 7. Bb3 Nxc3
8. bxc3 Qxc3+ 9. Bd2 Qxe5+ 10. Ne2 d5 11. O-O Bg4 12. f3 Be6 13. Bc3 Qc7 14.
Nd4 Bd7 15. Be1 Kd8 16. Qe2 Bc5 17. Bh4+ Kc8 18. c3 Re8 19. Qd3 Bd6 20. Rae1
Bxh2+ 21. Kh1 Rxe1 22. Rxe1 Bg3 23. Qxh7 Bxh4 24. Qxh4 Qd8 25. Qh7 Qf6 26. Qg8+
Qd8 27. Qxg7 Qh4+ 0-1

[Event "Men's Championship of Saratov region 2013"]
[Site "Saratov"]
[Date "2013.06.01"]
[Round "1.8"]
[White "Vdovin, Sergey"]
[Black "Karpenko, Artem"]
[Result "0-1"]
[WhiteElo "1675"]
[BlackElo "2043"]
[PlyCount "56"]
[EventDate "2013.06.01"]

1. Nf3 d5 2. g3 c6 3. Bg2 Bg4 4. O-O Nd7 5. d3 e5 6. Nbd2 Ngf6 7. e4 Bd6 8. c3
O-O 9. Qc2 Re8 10. Re1 Qc7 11. a4 Rad8 12. a5 Bf8 13. h3 Bh5 14. Nf1 Nc5 15.
exd5 Nxd3 16. Qxd3 e4 17. Qc2 exf3 18. Rxe8 Rxe8 19. Bh1 Nxd5 20. c4 Re2 21.
Qf5 g6 22. Qg5 Bc5 23. Be3 Bxe3 24. fxe3 f6 25. Qh6 Nxe3 26. Qf4 Qxf4 27. gxf4
f2+ 28. Kh2 Re1 0-1

[Event "Men's Championship of Saratov region 2013"]
[Site "Saratov"]
[Date "2013.06.01"]
[Round "1.9"]
[White "Zhdanov, Petr"]
[Black "Sokolov, Denis"]
[Result "1-0"]
[WhiteElo "2025"]
[BlackElo "1652"]
[PlyCount "77"]
[EventDate "2013.06.01"]

1. e4 e5 2. Nf3 Nf6 3. Nxe5 Nxe4 4. Qe2 d5 5. d3 Qe7 6. dxe4 Qxe5 7. exd5 Bd6
8. Qxe5+ Bxe5 9. Bb5+ c6 10. dxc6 bxc6 11. Bd3 O-O 12. O-O Na6 13. Re1 Re8 14.
Bf4 f6 15. Bxe5 Rxe5 16. Rxe5 fxe5 17. Nd2 Nc5 18. Bc4+ Kf8 19. Re1 Rb8 20. b3
Nd7 21. Nf3 e4 22. Rxe4 Nf6 23. Rf4 Ke7 24. Nd4 Bd7 25. Nf5+ Bxf5 26. Rxf5 Rd8
27. g4 Rd1+ 28. Kg2 g6 29. Re5+ Kd7 30. g5 Nd5 31. Bxd5 Rxd5 32. Rxd5+ cxd5 33.
Kf3 Kd6 34. b4 Ke5 35. Ke3 d4+ 36. Kd3 a6 37. a4 Kf4 38. Kxd4 Kxg5 39. b5 1-0

[Event "Men's Championship of Saratov region 2013"]
[Site "Saratov"]
[Date "2013.06.01"]
[Round "1.10"]
[White "Guliev, Gasan"]
[Black "Nurdinov, Iliya"]
[Result "1-0"]
[WhiteElo "1985"]
[BlackElo "1951"]
[PlyCount "51"]
[EventDate "2013.06.01"]

1. e4 c5 2. Nf3 d6 3. d4 cxd4 4. Nxd4 Nf6 5. Nc3 g6 6. Be3 Bg7 7. f3 O-O 8. Qd2
Nc6 9. Bc4 Bd7 10. O-O-O Qa5 11. Bb3 Rfc8 12. h4 Ne5 13. h5 Nc4 14. Bxc4 Rxc4
15. Nb3 Qa6 16. hxg6 hxg6 17. Bh6 Bh8 18. Bg5 Bg7 19. e5 Ne8 20. Bxe7 Bxe5 21.
Kb1 Bf4 22. Nd5 g5 23. Qd3 f5 24. Nxf4 gxf4 25. Qd5+ Kg7 26. Rh7+ 1-0

[Event "Men's Championship of Saratov region 2013"]
[Site "Saratov"]
[Date "2013.06.01"]
[Round "1.12"]
[White "Gagarkine, Nikolay"]
[Black "Kavyev, Ruslan"]
[Result "0-1"]
[WhiteElo "1916"]
[BlackElo "1835"]
[PlyCount "152"]
[EventDate "2013.06.01"]

1. d4 Nf6 2. Nf3 c5 3. g3 g6 4. Bg2 Bg7 5. O-O O-O 6. c3 d5 7. Re1 Nc6 8. Ne5
Bf5 9. Qb3 cxd4 10. Nxc6 bxc6 11. cxd4 Ne4 12. Qa4 Qb6 13. e3 e5 14. f3 Nd6 15.
dxe5 Bxe5 16. Nc3 Nc4 17. Qb3 Qc7 18. e4 Rab8 19. Qc2 Qb6+ 20. Kh1 dxe4 21.
fxe4 Be6 22. b3 Qd4 23. Bh6 Qxc3 24. Qe2 Rfd8 25. Rac1 Qa5 26. bxc4 Rb2 27. Qf3
Qxa2 28. Ra1 Qxc4 29. Red1 Rdb8 30. Rac1 Rc2 31. Rxc2 Qxc2 32. h4 Rb1 33. Rxb1
Qxb1+ 34. Kh2 a5 35. Qa3 Qb4 36. Qd3 Qd6 37. Qe3 c5 38. Qa3 Qb6 39. Be3 Bd4 40.
Bd2 Qb1 41. Bc1 Qa1 42. Bf1 Qxa3 43. Bxa3 c4 44. Be2 c3 45. Kg2 Kg7 46. Kf3 Bb3
47. Bd3 Bd1+ 48. Kf4 Kf6 49. Bc1 Be5+ 50. Ke3 Bxg3 51. Kd4 Be5+ 52. Kc4 a4 53.
Kb4 Bb3 54. Bb5 h5 55. Bc6 Bd4 56. Be8 Ke5 57. Bc6 f5 58. exf5 gxf5 59. Bf3 c2
60. Bxh5 f4 61. Be8 Be3 62. Bb2+ Ke6 63. h5 c1=Q 64. Bxc1 Bxc1 65. h6 Bb2 66.
h7 f3 67. Bh5 f2 68. Be2 Bc2 69. Bf1 a3 70. h8=Q Bxh8 71. Kxa3 Kd5 72. Kb4 Kd4
73. Bh3 Bd3 74. Kb3 Ke3 75. Kb4 Kf4 76. Bg2 Kg3 0-1

[Event "Men's Championship of Saratov region 2013"]
[Site "Saratov"]
[Date "2013.06.02"]
[Round "2.1"]
[White "Kruzhilin, Aleksey"]
[Black "Biryukov, Dmitriy"]
[Result "0-1"]
[WhiteElo "1957"]
[BlackElo "2272"]
[PlyCount "84"]
[EventDate "2013.06.01"]

1. Nf3 d6 2. c4 g6 3. Nc3 Bg7 4. d4 Nf6 5. e4 O-O 6. Be2 Bg4 7. Be3 Nc6 8. d5
Bxf3 9. Bxf3 Ne5 10. Be2 c6 11. O-O Qc7 12. Rc1 Rfc8 13. b4 a5 14. a3 axb4 15.
axb4 Ra3 16. c5 dxc5 17. Bxc5 Rxc3 18. Rxc3 Nxe4 19. Rc1 Rd8 20. Be3 Nf6 21. f4
Nxd5 22. Qb3 Nd3 23. Bxd3 Nxe3 24. Rf3 Ng4 25. h3 Bd4+ 26. Kh1 Nf2+ 27. Kh2
Nxd3 28. Qxd3 Bg1+ 29. Kxg1 Rxd3 30. Rxd3 Qxf4 31. Rcd1 Qxb4 32. Rd8+ Kg7 33.
Re8 Qc5+ 34. Kh1 b5 35. Rd7 Qc1+ 36. Kh2 Qf4+ 37. Kh1 b4 38. Rb7 e5 39. Rc8 Qc4
40. Rbc7 b3 41. Rxc6 Qf1+ 42. Kh2 b2 0-1

[Event "Men's Championship of Saratov region 2013"]
[Site "Saratov"]
[Date "2013.06.02"]
[Round "2.2"]
[White "Kavyev, Ruslan"]
[Black "Smirnov, Alexandr A"]
[Result "0-1"]
[WhiteElo "1835"]
[BlackElo "2155"]
[PlyCount "86"]
[EventDate "2013.06.01"]

1. e4 c5 2. Nf3 g6 3. d4 cxd4 4. Nxd4 Bg7 5. Nc3 Nc6 6. Be3 Nf6 7. Bc4 O-O 8.
Bb3 Ng4 9. Qxg4 Nxd4 10. Qd1 Nxb3 11. axb3 a6 12. Qd2 d6 13. O-O Be6 14. Rad1
Rc8 15. Bh6 Qb6 16. Bxg7 Kxg7 17. Nd5 Bxd5 18. exd5 e5 19. dxe6 fxe6 20. Qxd6
Qxd6 21. Rxd6 Rxc2 22. Rxe6 Rxb2 23. Rb6 Rf7 24. h3 Kh6 25. Kh2 a5 26. Kg3 a4
27. f3 Rc7 28. Ra1 Rxb3 29. Rxb3 axb3 30. Ra4 Rc2 31. Rb4 b2 32. Rb5 Kg7 33.
Rxb7+ Kf6 34. Rb5 Ke6 35. h4 Kd6 36. Kh3 Kc6 37. Rb8 Kd5 38. g4 Kc4 39. f4 Rc3+
40. Kg2 Rb3 41. Rc8+ Kd5 42. Rd8+ Ke6 43. Re8+ Kf7 0-1

[Event "Men's Championship of Saratov region 2013"]
[Site "Saratov"]
[Date "2013.06.02"]
[Round "2.3"]
[White "Borisovsky, Viktor"]
[Black "Guliev, Gasan"]
[Result "1/2-1/2"]
[WhiteElo "2152"]
[BlackElo "1985"]
[PlyCount "47"]
[EventDate "2013.06.01"]

1. d4 d5 2. c4 e6 3. Nc3 Bb4 4. e3 Nf6 5. cxd5 exd5 6. Nge2 O-O 7. g3 Be6 8.
Bg2 Nc6 9. O-O a6 10. Nf4 Bxc3 11. bxc3 Na5 12. Qe2 c6 13. f3 Re8 14. Nxe6 fxe6
15. e4 e5 16. dxe5 Rxe5 17. f4 Re8 18. e5 Nc4 19. Rb1 b5 20. Qd3 Ng4 21. Qd4
Qb6 22. Qxb6 Nxb6 23. h3 Nh6 24. g4 1/2-1/2

[Event "Men's Championship of Saratov region 2013"]
[Site "Saratov"]
[Date "2013.06.02"]
[Round "2.5"]
[White "Kavyev, Emil"]
[Black "Zhdanov, Petr"]
[Result "1/2-1/2"]
[WhiteElo "1691"]
[BlackElo "2025"]
[PlyCount "47"]
[EventDate "2013.06.01"]

1. e4 e5 2. Nf3 Nc6 3. Bb5 f5 4. d3 fxe4 5. dxe4 Nf6 6. O-O Bc5 7. Bxc6 bxc6 8.
Nxe5 O-O 9. Nc3 Qe7 10. Nd3 Bb6 11. Bg5 h6 12. Bxf6 Qxf6 13. Na4 Ba6 14. Nxb6
axb6 15. e5 Qe6 16. f4 Bxd3 17. Qxd3 Rxa2 18. Rxa2 Qxa2 19. b3 Rf7 20. f5 Qa5
21. Qd4 Qb5 22. Rf3 Qe2 23. c4 c5 24. Qc3 1/2-1/2

[Event "Men's Championship of Saratov region 2013"]
[Site "Saratov"]
[Date "2013.06.02"]
[Round "2.6"]
[White "Kvitka, Roman"]
[Black "Tatarinov, Andrey"]
[Result "1-0"]
[WhiteElo "2164"]
[BlackElo "1743"]
[PlyCount "73"]
[EventDate "2013.06.01"]

1. c4 e6 2. g3 d5 3. Bg2 f5 4. Nf3 Nf6 5. O-O Bd6 6. Nc3 c6 7. d3 O-O 8. e4
dxe4 9. dxe4 e5 10. Qc2 Nxe4 11. Nxe4 fxe4 12. Ng5 Bf5 13. c5 e3 14. Qb3+ Kh8
15. Bxe3 Be7 16. Nf7+ Rxf7 17. Qxf7 Bg6 18. Qe6 Qc7 19. Rad1 Bf6 20. Qd6 Qf7
21. a3 Na6 22. Qd7 Qb3 23. Rd2 h5 24. Qh3 Kg8 25. Rc1 e4 26. Bf1 Bf7 27. Qf5
Re8 28. Be2 Re5 29. Rd8+ Bxd8 30. Qxe5 Bf6 31. Qxe4 Bxb2 32. Bc4 Bxc4 33. Qe8+
Kh7 34. Qxh5+ Kg8 35. Qe8+ Kh7 36. Qe4+ Kh8 37. Rxc4 1-0

[Event "Men's Championship of Saratov region 2013"]
[Site "Saratov"]
[Date "2013.06.02"]
[Round "2.7"]
[White "Baitzurov, Denis"]
[Black "Palin, Denis"]
[Result "1/2-1/2"]
[WhiteElo "2093"]
[BlackElo "2145"]
[PlyCount "100"]
[EventDate "2013.06.01"]

1. d4 e6 2. c4 f5 3. Nf3 Nf6 4. g3 d5 5. Bg2 c6 6. O-O Bd6 7. Nc3 O-O 8. cxd5
exd5 9. Bf4 Ne4 10. Rc1 Qe7 11. a3 Nd7 12. Na4 Bxf4 13. gxf4 Qe6 14. e3 b6 15.
Ne5 Bb7 16. Nc3 Rad8 17. Nxe4 fxe4 18. Kh1 Nxe5 19. dxe5 Qh6 20. Qg4 c5 21. f5
Kh8 22. Rg1 Rde8 23. e6 Qf6 24. b4 Qxf5 25. Qxf5 Rxf5 26. bxc5 Rxf2 27. cxb6
axb6 28. Rc7 Bc8 29. Bh3 g6 30. Rg5 Rf3 31. Bg4 Rxe3 32. Rxd5 Rd3 33. Rdd7 Bxd7
34. exd7 Rf8 35. Be2 Rd2 36. Bb5 e3 37. Kg1 h5 38. h4 Rd4 39. Kg2 e2 40. Bxe2
Rd2 41. Kg3 Rd8 42. Bb5 Kg7 43. Rc8 Rf8 44. Rc7 Rf7 45. Rc8 Rf8 46. Rc7 Rf7 47.
Rc8 Rf8 48. Rc7 Kh6 49. Rc8 Kg7 50. Rc7 Rf7 1/2-1/2

[Event "Men's Championship of Saratov region 2013"]
[Site "Saratov"]
[Date "2013.06.02"]
[Round "2.8"]
[White "Bolychevsky, Alexander"]
[Black "Berezhnov, Dmitry"]
[Result "1-0"]
[WhiteElo "1856"]
[BlackElo "1938"]
[PlyCount "143"]
[EventDate "2013.06.01"]

1. Nf3 Nf6 2. c4 g6 3. Nc3 Bg7 4. e4 d6 5. d4 O-O 6. Be2 e5 7. dxe5 dxe5 8.
Qxd8 Rxd8 9. Bg5 Re8 10. O-O-O Na6 11. Ne1 Nc5 12. f3 c6 13. Nc2 a5 14. b3 Be6
15. Rd2 Rad8 16. Rhd1 Rxd2 17. Rxd2 Nfd7 18. Kb2 f5 19. a3 fxe4 20. fxe4 Nf6
21. Bf3 Ncd7 22. Ne3 Bf8 23. Nc2 Kf7 24. Be3 Ng4 25. Bg1 Be7 26. h3 Ngf6 27.
Na4 b5 28. cxb5 cxb5 29. Nc3 Bc5 30. Bxc5 Nxc5 31. b4 Na4+ 32. Nxa4 bxa4 33.
bxa5 Ra8 34. Nb4 Rxa5 35. Rd6 Rc5 36. Rc6 Nd7 37. Bd1 Rxc6 38. Nxc6 Bc4 39. Kc3
Bb5 40. Na7 Bf1 41. Bf3 Nb6 42. Kb4 Ke7 43. Nb5 Kd7 44. Nc3 Kc6 45. Nxa4 Nc4
46. h4 Nd2 47. Nb2 Kc7 48. Kc5 Nxf3 49. gxf3 Be2 50. Kd5 Bxf3 51. Nc4 h6 52.
Kxe5 g5 53. hxg5 hxg5 54. Nd2 Bd1 55. Kf5 g4 56. Kf4 Kd6 57. Nc4+ Ke6 58. Ne3
g3 59. Kxg3 Ke5 60. Nxd1 Kxe4 61. a4 Kd5 62. Kf3 Kc4 63. Ke4 Kb4 64. Nc3 Ka5
65. Kd5 Kb6 66. Kd6 Kb7 67. Kd7 Kb8 68. Nb5 Ka8 69. Kc6 Kb8 70. Kb6 Ka8 71. a5
Kb8 72. Nc7 1-0

[Event "Men's Championship of Saratov region 2013"]
[Site "Saratov"]
[Date "2013.06.02"]
[Round "2.9"]
[White "Fedukin, Alexandre"]
[Black "Sudnik, Pavel"]
[Result "0-1"]
[WhiteElo "1862"]
[BlackElo "2055"]
[PlyCount "148"]
[EventDate "2013.06.01"]

1. c4 e5 2. Nc3 Nc6 3. Nf3 f5 4. d4 e4 5. Nd2 Nf6 6. e3 Ne7 7. f3 d5 8. cxd5
Nexd5 9. Nxd5 Nxd5 10. Qb3 exf3 11. Nxf3 Bb4+ 12. Kf2 c6 13. Bc4 Be7 14. a4 O-O
15. Re1 Kh8 16. Kg1 Nb6 17. Bf7 Nd5 18. Ne5 Bf6 19. Bh5 Qe7 20. Nd3 Bh4 21. Re2
Nf6 22. Bf3 Be6 23. Qc2 Bd5 24. Bxd5 Nxd5 25. Ne5 Bf6 26. Qxf5 Rae8 27. Nd7 Rf7
28. Nxf6 Rxf6 29. Qc2 Re6 30. Ra3 Re4 31. Rf2 Nxe3 32. Bxe3 Rxe3 33. Rxe3 Qxe3
34. Qd2 Kg8 35. Qxe3 Rxe3 36. Rd2 Rb3 37. a5 a6 38. d5 cxd5 39. Rxd5 Rxb2 40.
Rd7 h5 41. h4 Kh7 42. Kh2 Kg6 43. Kh3 Rb3+ 44. g3 Rb5 45. Kg2 Kf6 46. Kf3 g6
47. Kf4 Rb4+ 48. Kf3 Rb5 49. Kf4 Rf5+ 50. Ke4 Rxa5 51. Rxb7 Rb5 52. Ra7 Rb4+
53. Ke3 Ra4 54. Kf3 Ra3+ 55. Kf4 Ra5 56. Ke4 Ra4+ 57. Ke3 Kf5 58. Kf3 Ra3+ 59.
Kf2 Kg4 60. Rg7 Ra2+ 61. Ke3 Kxg3 62. Rxg6+ Kxh4 63. Kf3 a5 64. Rg8 Kh3 65.
Rg3+ Kh2 66. Rg6 h4 67. Rh6 h3 68. Kg4 Kg2 69. Rg6 h2 70. Kf4+ Kf2 71. Rh6 Ra4+
72. Ke5 Kg2 73. Rg6+ Kh3 74. Rh6+ Rh4 0-1

[Event "Men's Championship of Saratov region 2013"]
[Site "Saratov"]
[Date "2013.06.02"]
[Round "2.10"]
[White "Nurdinov, Iliya"]
[Black "Velichko, Tatiana"]
[Result "1-0"]
[WhiteElo "1951"]
[BlackElo "1862"]
[PlyCount "139"]
[EventDate "2013.06.01"]

1. e4 c5 2. Nc3 d6 3. Bb5+ Bd7 4. Bxd7+ Qxd7 5. Nf3 Nc6 6. O-O g6 7. d4 cxd4 8.
Nxd4 Bg7 9. Be3 Nf6 10. f3 O-O 11. Nde2 Rac8 12. Rb1 Rfd8 13. Nd5 b6 14. c4
Nxd5 15. cxd5 Na5 16. b3 Nb7 17. Bd4 e5 18. dxe6 Bxd4+ 19. Qxd4 Qxe6 20. Nf4
Qe5 21. Qd2 Qc3 22. Rbd1 Kg7 23. Nd5 Qxd2 24. Rxd2 Rc5 25. Rfd1 Rdc8 26. Ne3 b5
27. g4 h5 28. h3 hxg4 29. hxg4 Rc3 30. Rd3 R3c5 31. Kf2 Rh8 32. Kg3 Rhc8 33.
Ra1 Rc3 34. Rad1 R3c5 35. R1d2 a6 36. Kf4 R8c7 37. Nd5 Rc8 38. Ke3 Rc1 39. b4
Re1+ 40. Re2 Rec1 41. Ra3 R8c6 42. Rh2 f6 43. Rd2 Kf7 44. Rdd3 R1c4 45. Rdc3
Rxc3+ 46. Rxc3 Rxc3+ 47. Nxc3 Nd8 48. Nd5 Nc6 49. f4 a5 50. a3 axb4 51. axb4
Ke6 52. f5+ gxf5 53. gxf5+ Ke5 54. Nf4 d5 55. Nxd5 Nd4 56. Kd3 Nxf5 57. Nxf6
Ne7 58. Ng4+ Kf4 59. Ne3 Ke5 60. Nc2 Nc6 61. Ke3 Nb8 62. Ne1 Nc6 63. Nd3+ Ke6
64. Kf4 Nd4 65. Nc5+ Ke7 66. e5 Nc6 67. Nd3 Kf8 68. Ke4 Ke7 69. Kd5 Kd7 70. Kc5
1-0

[Event "Men's Championship of Saratov region 2013"]
[Site "Saratov"]
[Date "2013.06.02"]
[Round "2.11"]
[White "Sokolov, Denis"]
[Black "Gagarkine, Nikolay"]
[Result "1-0"]
[WhiteElo "1652"]
[BlackElo "1916"]
[PlyCount "118"]
[EventDate "2013.06.01"]

1. d4 d5 2. c4 c6 3. Nc3 Nf6 4. Bf4 Qb6 5. Qd2 Bf5 6. c5 Qd8 7. e3 e6 8. Bd3
Be7 9. Nf3 Ne4 10. Qc2 Nxc3 11. Bxf5 exf5 12. bxc3 g6 13. Rb1 b6 14. Qa4 b5 15.
Qc2 O-O 16. Ne5 f6 17. Nf3 Re8 18. h4 Bf8 19. h5 g5 20. Bxb8 Rxb8 21. Qxf5 a5
22. a3 a4 23. Nh2 Rb7 24. Ng4 Rf7 25. Kd2 Qc8 26. Nxf6+ Kh8 27. Qxc8 Rxc8 28.
Ng4 h6 29. f3 Kg7 30. Rhf1 Be7 31. Ne5 Rf6 32. f4 gxf4 33. Rxf4 Re6 34. Rbf1
Rf8 35. Rxf8 Bxf8 36. Ng6 Be7 37. Nxe7 Rxe7 38. Kd3 Rc7 39. Rf5 Rc8 40. e4
dxe4+ 41. Kxe4 Re8+ 42. Re5 Rf8 43. Re6 Kf7 44. Rxc6 Re8+ 45. Kd5 Re3 46. Rxh6
Rxc3 47. Rb6 Rxa3 48. Rxb5 Rc3 49. Ra5 a3 50. Kd6 Rc2 51. Rxa3 Rxg2 52. d5 Rh2
53. Rf3+ Ke8 54. Rf5 Ra2 55. h6 Rh2 56. Rf6 Rh4 57. c6 Rc4 58. c7 Rc1 59. h7
Rc6+ 1-0

[Event "Men's Championship of Saratov region 2013"]
[Site "Saratov"]
[Date "2013.06.02"]
[Round "2.12"]
[White "Upolovnev, Vladimir"]
[Black "Vdovin, Sergey"]
[Result "0-1"]
[WhiteElo "1893"]
[BlackElo "1675"]
[PlyCount "102"]
[EventDate "2013.06.01"]

1. d4 Nf6 2. c4 e6 3. Nc3 Bb4 4. Bg5 c5 5. a3 Bxc3+ 6. bxc3 Qa5 7. Bd2 O-O 8.
f3 d6 9. e4 e5 10. Bd3 Nbd7 11. Ne2 Re8 12. O-O Nf8 13. Qc2 Qc7 14. f4 Bg4 15.
fxe5 dxe5 16. d5 Nh5 17. h3 Bxe2 18. Bxe2 Ng3 19. Rf2 Nxe2+ 20. Rxe2 Nd7 21.
Rf1 Qd6 22. Qb1 Qa6 23. Qb5 Qxb5 24. cxb5 a5 25. Ref2 f6 26. Rf3 Nb6 27. Rg3
Nc4 28. Bc1 Rf8 29. Re1 a4 30. b6 Ra6 31. Bh6 Rf7 32. Be3 Nxe3 33. Rgxe3 Rxb6
34. c4 Rd7 35. Rd1 Rdd6 36. Rdd3 Rb2 37. Rc3 Kf7 38. Kh2 g5 39. Kg3 h5 40. Kf3
Rdb6 41. Re2 Rxe2 42. Kxe2 Rb2+ 43. Kf3 Rb3 44. Re3 Ke7 45. Ke2 Rb2+ 46. Kf1
Rc2 47. Re1 Rxc4 48. Rb1 Rxe4 49. Rxb7+ Kd6 50. Rb6+ Kxd5 51. Rxf6 Rf4+ 0-1

[Event "Men's Championship of Saratov region 2013"]
[Site "Saratov"]
[Date "2013.06.02"]
[Round "3.1"]
[White "Biryukov, Dmitriy"]
[Black "Karpenko, Artem"]
[Result "1-0"]
[WhiteElo "2272"]
[BlackElo "2043"]
[PlyCount "75"]
[EventDate "2013.06.01"]

1. e4 e6 2. d4 d5 3. Nc3 Nf6 4. e5 Nfd7 5. f4 c5 6. Nf3 Nc6 7. Be3 cxd4 8. Nxd4
Bc5 9. Qd2 a6 10. O-O-O O-O 11. h4 Nxd4 12. Bxd4 b5 13. h5 b4 14. Ne2 a5 15.
Qe3 Qc7 16. Bxc5 Nxc5 17. Nd4 Ba6 18. f5 Rfc8 19. Bxa6 Rxa6 20. Nb5 Qc6 21. Nd6
Rc7 22. Rd2 a4 23. Kb1 exf5 24. Nxf5 Ne4 25. Qxe4 b3 26. Qxd5 bxc2+ 27. Kc1 h6
28. Qxc6 Raxc6 29. Nd4 Rc5 30. Rxc2 Rxc2+ 31. Nxc2 Rc4 32. Kd2 Rg4 33. Ne3 Re4
34. Kd3 Rxe5 35. Rh4 Kh7 36. Rxa4 Rxh5 37. g4 Rg5 38. b4 1-0

[Event "Men's Championship of Saratov region 2013"]
[Site "Saratov"]
[Date "2013.06.02"]
[Round "3.2"]
[White "Smirnov, Alexandr A"]
[Black "Kvitka, Roman"]
[Result "1/2-1/2"]
[WhiteElo "2155"]
[BlackElo "2164"]
[PlyCount "73"]
[EventDate "2013.06.01"]

1. e4 e5 2. Nc3 Nc6 3. g3 Nf6 4. Bg2 Bc5 5. Nge2 a6 6. O-O d6 7. Nd5 Bg4 8. c3
Ba7 9. h3 Bh5 10. d3 Nxd5 11. exd5 Ne7 12. g4 Bg6 13. d4 h5 14. dxe5 hxg4 15.
exd6 Qxd6 16. Bf4 Qd7 17. d6 cxd6 18. Qxd6 Qxd6 19. Bxd6 Rd8 20. Rad1 gxh3 21.
Bxb7 Bb8 22. Bg3 Bxg3 23. Rxd8+ Kxd8 24. Nxg3 a5 25. b4 Kc7 26. Bf3 Nc6 27. a3
Ne5 28. Bd5 Rd8 29. c4 Nd3 30. f4 axb4 31. axb4 Nxb4 32. f5 Bh7 33. Bxf7 Rd2
34. Rf2 Rxf2 35. Kxf2 Nd3+ 36. Ke3 Ne5 37. Bd5 1/2-1/2

[Event "Men's Championship of Saratov region 2013"]
[Site "Saratov"]
[Date "2013.06.02"]
[Round "3.3"]
[White "Zhdanov, Petr"]
[Black "Borisovsky, Viktor"]
[Result "0-1"]
[WhiteElo "2025"]
[BlackElo "2152"]
[PlyCount "68"]
[EventDate "2013.06.01"]

1. d4 f5 2. c4 e6 3. Nf3 Nf6 4. g3 d5 5. cxd5 exd5 6. Bg2 Bd6 7. O-O O-O 8. Nc3
c6 9. Bf4 Bxf4 10. gxf4 Ne4 11. e3 Rf6 12. Qc2 Rh6 13. Kh1 Na6 14. a3 Nc7 15.
Rg1 Qe8 16. Bf1 Qh5 17. Qe2 b6 18. Bg2 Ba6 19. Qe1 Nxc3 20. bxc3 Bd3 21. h3 Be4
22. Qd1 Nb5 23. Rc1 Nxa3 24. Kh2 Nc4 25. Ne5 Qh4 26. f3 Nxe3 27. Qe2 Qxf4+ 28.
Kh1 Ng4 29. Nxg4 Rxh3+ 30. Bxh3 Bxf3+ 31. Qxf3 Qxf3+ 32. Bg2 Qxg4 33. Bxd5+
cxd5 34. Rxg4 fxg4 0-1